00624nam a2200205Ia 4500003000400000005001700004008004100021020002400062040000700086041000800093082001500101100002300116245004100139260004500180300000900225650002200234942001300256999001900269952013000288OSt20250930123738.0250729s2005 xx 000 0 und d a ‎ 978-8171693122 cAL aeng a371.2 SHAS aSharma B M9222872 aSchool administration and management aNew DelhibCommonwealth Publishersc2005 a482p aEducation9222873 2ddccBED c235647d235647 00104070aALbALd2025-07-29eSita Book Houseg245.00l0o371.2 SHASpBED00966r2025-07-29 16:54:10v245.00w2025-07-29yBK